Da liễu thực hành
Đã lưu trong:
| Hovedforfatter: | |
|---|---|
| Format: | Bog |
| Sprog: | Undetermined |
| Udgivet: |
Tp.HCM
ảnT.ĐHYD
1991
|
| Fag: | |
| Tags: |
Tilføj Tag
Ingen Tags, Vær først til at tagge denne postø!
|
| Thư viện lưu trữ: | Trung tâm Học liệu Trường Đại học Cần Thơ |
|---|
| LEADER | 00470nam a2200181Ia 4500 | ||
|---|---|---|---|
| 001 | CTU_45953 | ||
| 008 | 210402s9999 xx 000 0 und d | ||
| 082 | |a 616.951 | ||
| 082 | |b U522 | ||
| 100 | |a Nguyễn Văn Út | ||
| 245 | 0 | |a Da liễu | |
| 245 | 0 | |b thực hành | |
| 245 | 0 | |c Nguyễn Văn Út | |
| 260 | |a Tp.HCM | ||
| 260 | |b ảnT.ĐHYD | ||
| 260 | |c 1991 | ||
| 650 | |a veneral diseases | ||
| 980 | |a Trung tâm Học liệu Trường Đại học Cần Thơ | ||